00849nam a2200253 u 450000100070000000500170000700700100002400800410003403500110007504000130008604100080009908000070010710000410011424501800015526000430033530000210037865000280039965000250042765000290045270000470048170000470052850200120057552600080058790280220260506154229.0co|||||||041206s2004 spa  a902802 ccomduadb aspa aWB10aLopez Gallo, Adriana Maria4auteaut10aPropuesta de un programa de formación para los psicólogos en la atención de crisis, aplicable al personal encargado del manejo de emergencias y desastres de las empresas aMedellín :b[sin publicador],c2004. a1 CD-ROM : 12 cm aAtención de desastres aAtencion psicologica 7aUrgencias médicas2dcs10aMartinez Munoz, Mauricio Alberto4auteaut10aMontoya Montoya, Margarita Maria4thseths b285c20 a287